Formule 1 - Classement pilotes 2023 - Statistiques

Statistiques générales
  • Ce quiz a été pris 2 486 fois
  • Le résultat moyen est 15 sur 22
Statistiques - réponses
Hint Réponse % Correct
1 Max Verstappen
100%
2 Sergio Perez
94%
3 Lewis Hamilton
92%
5 Charles Leclerc
83%
4 Fernando Alonso
80%
7 Carlos Sainz
79%
6 Lando Norris
78%
8 George Russell
73%
9 Oscar Piastri
72%
12 Esteban Ocon
71%
10 Lance Stroll
71%
11 Pierre Gasly
71%
13 Alexander Albon
64%
14 Yuki Tsunoda
63%
15 Valtteri Bottas
61%
16 Nico Hülkenberg
60%
17 Daniel Ricciardo
58%
18 Guanyu Zhou
58%
19 Kevin Magnussen
57%
21 Logan Sargeant
54%
22 Nick de Vries
49%
20 Liam Lawson
45%
Aucun quiz correspondant
Distribution des résultats
% des personnes avec chaque résultat
Percentile par nombre de réponses
Votre historique - résultats
Vous n’avez pas pris ce quiz